000 00792cam a22002657a 4500
003 CHAP
005 20220329134959.0
008 971013s1975 r 00010 d
010 _a29013
011 _a29985
035 _a34096
040 _cCHAP
082 _a321.03
_bL4Y
100 0 0 _aLenin, Vladimir Ilich.
_965999
245 1 3 _aEl imperialismo y los imperialistas
260 _aMoscĂș :
_bProgreso,
_c1975
300 _a179 p.
590 _aBATCH-UPD
_b10
_c20130110
_lUCH01
_h1531
590 _aCONVERSION
_b10
_c20130109
_lUCH01
_h1317
650 1 4 _aImperialismo.
_957474
901 _aBK
942 _cLIBRO
949 _a321.03 L4Y
_bBC
_cLIBRO
_d33724000308862
_eLIBRO
_h45708
_i34096
_si
_t16.00
949 _a321.03 L4Y
_bBC
_cLIBRO
_d33724000308870
_eLIBRO
_fc.5
_h52352
_i34096
_si
_t16.00
999 _c29013
_d29013